| 000 | 00445nam a2200169Ia 4500 | ||
|---|---|---|---|
| 008 | 180921t2017 xxu||||| |||| 00| 1 sin d | ||
| 041 | _asin | ||
| 080 |
_aX8C31 _bBAN |
||
| 100 | _aBandara, Nikini Nethranjali | ||
| 245 | _aදෙනුවන් අද්දර | ||
| 246 | _aDenuwan Addara | ||
| 260 |
_bSanka Publishers _aKadawatha _c2017 |
||
| 300 | _a265p., 21cm | ||
| 942 | _cBK | ||
| 999 |
_c7452 _d7452 |
||
| 003 | LK-CoDNM | ||
| 040 |
_aLK-CoDNM _dLK-CoDNM _eLK-CoDNM |
||